| 000 | 01030cam a22002531 4500 | ||
|---|---|---|---|
| 001 | 4535703 | ||
| 005 | 20010924113534.0 | ||
| 008 | 711005s1968 ne d 000 0 eng | ||
| 010 | _a 67019852 | ||
| 015 | _aNe68-10 | ||
| 040 |
_aDLC _cDLC _dDLC |
||
| 041 | 0 | _aengmul | |
| 050 | 0 | 0 |
_aTJ940 _b.W4 |
| 082 | 0 | 0 |
_a621.5503 _222 _bHIG |
| 100 | 1 |
_aWeber, Fritz, _ecomp. _98434 |
|
| 245 | 1 | 0 |
_aElsevier's Dictionary of High Vacuum Science and Technology: _bIn six languages: German, English, French, Spanish, Italian, Russian. _cCompiled and arranged on a German alphabetical basis by Fritz Weber. Introduction by E. Thomas and K. Diels. |
| 260 |
_aAmsterdam, _aNew York [etc.]: _bElsevier Pub. Co., _c1968. |
||
| 300 |
_a539 p.; _c23 cm. |
||
| 350 | _afl80.- | ||
| 650 | 0 |
_aVacuum technology _xDictionaries _xPolyglot. _98435 |
|
| 650 | 0 |
_aDictionaries, Polyglot. _98436 |
|
| 942 |
_2ddc _cBB |
||
| 999 |
_c12570 _d12570 |
||